000 01105nam0a22002771 4500
001 v19\rc\1949551
005 20260406204705.0
035 _a(NLR Aleph) 005034630
090 _a6727875
_c6727875
100 _a20080428d1913 u y0rusy50 ca
101 0 _arus
102 _aRU
105 _aae z |||||
200 1 _aКиевское первое коммерческое училище, основанное Киевским купеческим обществом
_eОписание здания. Сан.-гигиен. условия Уч-ща
_fМ-во торг[овли] и пром[-сти]
210 _aКиев
_aДемиевка
_d1913
215 _a[2], 76 с., 12 л. пл., схем.
_d25
712 0 2 _aКиевское коммерческое уч-ще
_c1
_9393398
_3RU\NLR\AUTH\889948877
712 0 2 _aКиевское купеческое о-во
_9426519
_3RU\NLR\AUTH\889965139
801 0 _aRU
_bNLR
_gpsbo
801 0 _aRU
_bRuMoRGB
_2psbo
801 1 _aRU
_bProSoft-M
_2rusmarc
852 _aNLR
_j20.38.9.106
899 _aRuMoRGB
_jV 152/26
899 _aБАН
942 _cBOOK
980 _aNB